000 00535nam a22002057a 4500
003 OSt
005 20170322144339.0
008 170322b xxu||||| |||| 00| 0 eng d
020 _a0521476860
040 _cDDC.
082 _a539.7NE'E 1996.
100 _aNe'eman,Yuval;Kirsh,Yoram;
_911882
245 _aThe Particle Hunter:
250 _a2nd ed.
260 _aCambridge.
_bCambridge University Press,
_c1996.
300 _axvi,298p;
_bill:
_c26cm.
504 _aincludes index.
650 _aPhysics.
_9809
942 _2ddc
_cO_SHELF
999 _c5711
_d5711